| 000 | 01194cab a2200205 4500 | ||
|---|---|---|---|
| 001 | ##L136718 | ||
| 008 | 070219n2006 000 0 eng u | ||
| 035 | _a(Sirsi) u136718 | ||
| 041 | 0 | _aeng | |
| 100 | 1 | _aPatterson, Lindy | |
| 245 | 0 | 4 | _aThe ins and outs of insurance |
| 260 | _c2006 | ||
| 490 | 0 |
_aConstruction News _v(6999) 21 December 2006, 15(1) |
|
| 520 | _aConsiders the limitations of the Contractor's All Risks Insurance or Works policy. Notes that All Risks policies generally cover physical damage, as opposed to defects, and that the cover provided is limited in terms of its duration and therefore excludes latent defects. In addition, All Risks contains significant exclusions in the form of the Design Exclusion clause. Looks at the five different types of Design Exclusion clauses, DE1 to DE5, and concludes that such gaps in cover can be partly filled by professional indemnity insurance, provided that negligence is established. | ||
| 650 | 2 | 4 | _aCONTRACTORS ALL RISKS INSURANCE |
| 651 | 4 |
_aUnited Kingdom _y |
|
| 690 | _aMANAGEMENT-BUSINESS MANAGEMENT-INSURANCE | ||
| 690 | _aBUILT ENVIRONMENT-CONSTRUCTION MANAGEMENT-BUILDING CONTRACT ADMINISTRATION | ||
| 942 | _n0 | ||
| 999 |
_c78413 _d78413 |
||